Tours du monde !!! - Statistiques

Statistiques générales
  • Ce quiz a été pris 49 fois
    48 depuis la dernière actualisation
  • Le résultat moyen est 4 sur 16
Statistiques - réponses
Par images Réponse % Correct
Empire State Building
84%
Burj Khalifa
65%
Eiffel
65%
Montparnasse
44%
One World Trade Center
26%
Taipei 101
19%
Mecque
14%
Shanghai
12%
Willis
12%
Part-Dieu
7%
Central Park
5%
Nations Unies
2%
Jin Mao
0%
Lakhta Center
0%
Lotte World
0%
Ryugyong
0%
Aucun quiz correspondant
Distribution des résultats
% des personnes avec chaque résultat
Percentile par nombre de réponses
Votre historique - résultats
Vous n’avez pas pris ce quiz depuis la dernière actualisation